| 000 | 02135nam a22002297a 4500 | ||
|---|---|---|---|
| 008 | 220208b ||||| |||| 00| 0 eng d | ||
| 020 | _a9781506410746 | ||
| 020 | _a150641074X | ||
| 050 |
_a BT77 _b.W42 2016 |
||
| 245 |
_aWhat is the Bible? : _bthe patristic doctrine of scripture / _cMatthew Baker and Mark Mourachian, editors. |
||
| 260 |
_aMinneapolis : _bFortress Press, _c2016. |
||
| 300 |
_axx, 200 pages ; _c24 cm |
||
| 500 | _aIncludes bibliographical references. | ||
| 505 | _aPart I. Approaches in the Christian East. The exegetical metaphysic of Origen of Alexandria / J. A. McGuckin -- A "doctrine of scripture" from the Eastern Orthodox tradition : a reflection on the Desert Father Saint Sarapion of Thmuis / Oliver Herbel -- "He has clothed himself in our language" : the incarnational hermeneutic of Saint Ephrem the Syrian / Matthew Baker -- John Chrysostom on the nature of revelation and task of exegesis / Bradley Nassif -- Barsanuphius, John, and Dorotheos on Scripture : voices from the desert in sixth-century Gaza / Alexis Torrance -- The transfiguration of Jesus Christ as "saturated phenomenon" and as a key to the dynamics of biblical revelation in Saint Maximus the Confessor / Paul M. Blowers -- Scripture as divine mystery: the Bible in the Philokalia / Brock Bingaman -- Part II. Modern approaches inspired by the Fathers. The Bible as Heilsgeschichte : the basic axis and scope of Georges Florovsky's neopatristic synthesis / Nikolaos Asproulis --The Gospel according to Saint Justin the New : Justin Popović on scripture / Vladimir Cvetkovic -- Reality and biblical interpretation : T.F. Torrance's retrieval of patristic hermeneutics / John Taylor Carr -- Merely academic : a brief history of modern biblical criticism / Michael C. Legaspi. | ||
| 610 |
_bOrthodo _xEastern Church _xDoctrines. |
||
| 630 |
_eBible _xCriticism, interpretation, etc. |
||
| 650 |
_aFathers of the church, Greek _xHistory and criticism. |
||
| 655 | _bCriticism, interpretation, etc. | ||
| 700 |
_aBaker, Matthew, _eeditor. |
||
| 700 |
_aMourachian, Mark, _eeditor. |
||
| 942 |
_2lcc _cBK |
||
| 999 |
_c57571 _d57571 |
||